Injektování hornin a výstavba podzemních stěn

Gespeichert in:
Bibliographische Detailangaben
1. Verfasser: Verfel, Jaroslav (Verfasst von)
Format: Buch
Sprache:Tschechisch
Veröffentlicht: Praha : SNTL, 1983
Ausgabe:1.vyd.
Tags: Tag hinzufügen
Keine Tags, Fügen Sie das erste Tag hinzu!

MARC

LEADER 00000nam a22000003a 4500
001 stu139454
005 20150617225928.6
008 070330s1983----cs------------------cze-d
040 |a STU  |b slo 
041 0 |a cze 
044 |a cs 
080 |a 666.033.14 
080 |a 552/553 
080 |a 624.138 
100 1 |a Verfel, Jaroslav  |4 aut 
245 1 |a Injektování hornin a výstavba podzemních stěn 
250 |a 1.vyd. 
260 |a Praha :  |b SNTL,  |c 1983 
300 |a 404 s.;obr.,tab.,schémy 
996 |b 284V027097  |c V*25458/O-10465a  |l VVT  |s A  |a 24  |w stu139454_0001 
996 |c V*25436/O-10453  |l VV16  |s P  |a 0  |w stu139454_0002